British India`s Northern Frontier 1865-1895 (Record no. 2034)

MARC details
000 -LEADER
fixed length control field 00600nam a2200241 a 4500
020 ## - INTERNATIONAL STANDARD BOOK NUMBER
ISBN
082 00 - DEWEY DECIMAL CLASSIFICATION NUMBER
Classification number 954.03
Author Cutter ALD
100 ## - MAIN ENTRY--AUTHOR NAME
Author name Alder, G J
245 ## - TITLE STATEMENT
Title British India`s Northern Frontier 1865-1895
260 ## - PUBLICATION, DISTRIBUTION, ETC. (IMPRINT)
Place of publication Longmans
Name of publisher Royal Commonwealth Society
Year of publication 1963
300 ## - PHYSICAL DESCRIPTION
Number of Pages 317p
500 ## - GENERAL NOTE
General note includes index and biblioraphy
505 2# - FORMATTED CONTENTS NOTE
Formatted contents note Bibl. Index
650 ## - SUBJECT ADDED ENTRY--TOPICAL TERM
Topical Term British-India History
942 ## - ADDED ENTRY ELEMENTS (KOHA)
Koha item type Books
700 1# -
-- Alder, G J
Holdings
Collection code Home library Current library Date acquired Cost, normal purchase price Full call number Accession Number Koha item type
  Henry Martyn Institute Library Henry Martyn Institute Library 05/24/2005 0.00 954.03 ALD 03326 Books
                   Copyright © 2026 | Henry Martyn Institute | Hyderabad | TS-500052 | INDIA | Implemented by hmi.edu.in
Hit-Count:

Powered by Koha